LEADER 00624nam a2200169 i 4500 001 000000214137 003 CaOOAMICUS 005 20120625000000.0 008 120625s1844 xx u000 u fre u 013 $a192992 040 $aSeMil$bita 245 10$aTome 3. 300 $a618 p. 773 0 $aBalmes, Jaime $tProtestantisme comparé au catholicisme dans ses rapports avec la civilisation européenne.$dParis : Debécourt, 1842-1844.$g3$w()26950 850 $aSeMil 852 $aSeMil$W1$xVenegono$y1$m2A III 58 FA$j164565$B164565$CSeMilBibl$Z2$F175557 $8I 996 $6245$aTome 3$9(OLS)http://semarc/title/1575 LEADER 01093nam a2200217 i 4500 001 000000242701 003 CaOOAMICUS 005 20230504102336.0 008 150611s1763 fr u000 u fre u 026 $aasur s&l, nsm- qumo (3) 1763 (R) 040 $aSeMil$bita 245 10$aTome 1. Qui contient depuis l'Avent jusqu'à l'Octave du Saint-Sacrement. 300 $axvj, 449, [3] p. 500 $aSegn.: a8 A-S12 T6(-T6) V4 773 0 $aGaudrion, Étienne $tInstructions et pratiques pour passer saintement tous les temps de l'année selon l'esprit de l'Église, tirées de l'Écriture sainte et des saints Pères ... Tome 1. [-2.].$dA Paris : Chez Etienne-François Savoye, Libraire, rue Saint-Jacques, proche la Fontaine S. Severin, à l'Esperance, 1763.$g1$w()32036 850 $aSeMil 852 $aSeMil$W1$xVenegono$y1$m3F II 228 FA$j193047$B193047$CSeMilBibl$Z2$F203793 $8I 941 1 $a10 961 $aRecupero: Mantegazza 996 $6245$aTome 1. Qui contient depuis l'Avent jusqu'à l'Octave du Saint-Sacrement$9(OLS)http://semarc/title/344467